Currency used in European Countries - Sudden Death - Statistics

General Stats
  • This quiz has been taken 6,212 times
    277 since last reset
  • The average score is 8 of 14
Answers on the Grid
Answers color-coded by a green-red scale on the quiz's grid according to % correct below.
Baht
Convertible Mark
Denar
Dobra
Dollar
Euro
Forint
Franc
Hryvnia
Kip
Koruna
Krone
Krona
Kwacha
Lek
Leu
Colón
Metical
Pataca
Pound Sterling
Pula
Rand
Rial
Ruble
Rupee
Shilling
Som
Taka
Yen
Zloty
 
Answer Stats
Answer % Correct
Euro
83%
Krona
70%
Pound Sterling
70%
Franc
68%
Zloty
68%
Krone
65%
Ruble
61%
Koruna
54%
Lek
46%
Forint
44%
Leu
42%
Hryvnia
39%
Denar
32%
Convertible Mark
31%
No matching quizzes found
Score Distribution
Percent of People with Each Score
Percentile by Number Answered
Your Score History
You have not taken this quiz since the last reset